Principles of Auditing (Record no. 5849)
[ view plain ]
| 005 - DATE AND TIME OF LATEST TRANSACTION | |
|---|---|
| control field | 20250628075356.0 |
| 020 ## - INTERNATIONAL STANDARD BOOK NUMBER | |
| International Standard Book Number | 0-256-01902-9 |
| 100 ## - MAIN ENTRY--PERSONAL NAME | |
| Author name | MEIGS, W. B |
| 245 ## - TITLE STATEMENT | |
| Title | Principles of Auditing |
| 250 ## - EDITION STATEMENT | |
| Edition statement | 6th Ed |
| 260 ## - PUBLICATION, DISTRIBUTION, ETC. | |
| Place of publication, distribution, etc. | New York |
| Name of publisher, distributor, etc. | Irwin |
| Date of publication, distribution, etc. | 1977 |
| 300 ## - PHYSICAL DESCRIPTION | |
| Extent | xix, 738p.: ill; Figure, Table |
| Other physical details | Index |
| Dimensions | 24.3cm |
| 700 ## - ADDED ENTRY--PERSONAL NAME | |
| Other authors/Editors | WHITTINGTON, O. R & MEIGS R. F |
| 942 ## - ADDED ENTRY ELEMENTS (KOHA) | |
| Source of classification or shelving scheme | Dewey Decimal Classification |
| Koha item type | Books |
| Date last seen | Total checkouts | Full call number | Barcode | Cost, replacement price | Price effective from | Koha item type | Lost status | Source of classification or shelving scheme | Damaged status | Not for loan | Withdrawn status | Home library | Current library | Shelving location | Date acquired | Source of acquisition | Cost, normal purchase price |
|---|---|---|---|---|---|---|---|---|---|---|---|---|---|---|---|---|---|
| 06/28/2025 | 657.45MEI | MBY000235 | 30000.00 | 06/28/2025 | Books | Dewey Decimal Classification | CBE MBEYA | CBE MBEYA | General Collection | 04/23/1980 | Purchase | 10000.00 |
